| 000 | 00684nam a2200217Ia 4500 | ||
|---|---|---|---|
| 003 | GCL | ||
| 008 | 140319s9999 xx 000 0 ara d | ||
| 040 |
_aGCL / _cGCL |
||
| 082 | 0 | 4 |
_a671.521 _bص ل |
| 100 | 1 | _aصبحى محمد على | |
| 245 | 1 | 0 |
_aاللحام بالقوس الكهربائى / _cصبحى محمد على |
| 700 | 1 | _aكمال توفيق نصار | |
| 260 |
_a[S.N] : _bعالم الكتب الحديث |
||
| 490 |
_aالتكنولوجيا المبسطة _v0 |
||
| 650 | 0 | 4 | _aالتكنولوجيا |
| 650 | 0 | 4 | _aاللحام |
| 650 | 0 | 4 | _aالطلاء |
| 650 | 0 | 4 | _aالمواد الخام |
| 650 | 0 | 4 | _aاللحام بالكهرباء |
| 942 |
_2ddc _cBK |
||
| 999 |
_c31438 _d31438 |
||